00776nam a2200241 i 4500001001000000003000900010005001700019007000300036008004100039020001800080040003000098082002400128100002500152245006900177264008600246300002700332336002700359337003300386338002800419650002400447650002700471700003600498000017393DO-SdBNP20240412074247.0ta100324s2009 dr 001 p spa d a9789945420685 aDO-SdBNPbspacBNPHUerda 4aRD861.44bS715d2221 aSosa, Carlos,eautor10aDe amor y lluvia /cCarlos Sosa ; prólogo, Rosanna Lockwart F. aSan Francisco de Macorís, República Dominicana :bÁngeles de Fierro,c2009. a70 páginas :b18 cm. 2rdacontentatextobtxt 2rdamediaasin mediaciónbn 2rdacarrieravolumenbnc 4aPoesía dominicana 0aLiteratura dominicana.1 aLokwart F., Rosanna,eprólogo